| 000 | 00339nam a2200121Ia 4500 | ||
|---|---|---|---|
| 008 | 250110s9999 xx 000 0 und d | ||
| 041 | _aeng | ||
| 100 |
_aOak Rujuta M _9182902 |
||
| 245 | _aBollywood Museum And Merchandising Store | ||
| 260 |
_bBNCA B-Arch ID, Pune _c2016 |
||
| 300 | _a89p | ||
| 700 |
_aGuide Name:Chipalkatti Uday _9210579 |
||
| 999 |
_c363771 _d363771 |
||